Statistiques concernant Paroles : Mignon tout plein - PLK

Cliquez ici pour prendre le quiz!

Statistiques générales

  • Ce quiz a été pris 43 fois
  • Le résultat moyen est 246 sur 485

Statistiques - réponses

Réponse% Correct
L
100%
Mignon
100%
P,
100%
Le
96%
le
96%
ma
96%
plein
96%
rempli
96%
tout
96%
de
92%
la
92%
manies)
92%
manies
92%
a
88%
j'suis
88%
J'suis
88%
la
85%
(La
85%
mais
85%
Pas
81%
pas
81%
pas,
81%
vite
81%
d'mauvaises
77%
et
77%
comme
73%
des
69%
c'est
65%
C'est
65%
(Dans
65%
dans
65%
J'fais
65%
j'fais
65%
maintenant,
65%
Maintenant,
65%
mon
65%
va
65%
y
65%
Ça
62%
ça
62%
Dehors,
62%
guerre,
62%
j'cours
62%
les
62%
(Mauvaises
62%
Tu
62%
tu
62%
Blanc
58%
blanc,
58%
en
58%
Ferrari
58%
Ferrari)
58%
finir
58%
J'ai
58%
j'ai
58%
kaki
58%
l'monde
58%
peut
58%
poto,
58%
cinquante
54%
clodo
54%
crier
54%
j'souris
54%
mamie
54%
parti
54%
photo
54%
que
54%
remplir
54%
revenu
54%
si
54%
sur
54%
trop,
54%
Alli
50%
ans,
50%
cents-
50%
Dele
50%
Deux-
50%
folle
50%
vas
50%
volant,
50%
anti-
46%
au
46%
bédo
46%
che-lou,
46%
flics
46%
j'ferme
46%
même
46%
mes
46%
Moi,
46%
ou
46%
partir
46%
plus
46%
réfléchis
46%
r'gretter,
46%
Te
46%
un
46%
yeux,
46%
amis
42%
amis)
42%
blouse
42%
clopes,
42%
clopes
42%
confie
42%
42%
du
42%
faire
42%
J'fume
42%
j's'rai
42%
l'caddie,
42%
lui
42%
neige
42%
pour
42%
qui
42%
tous
42%
vie
42%
aimer,
38%
c'était
38%
cœur,
38%
d'Adam
38%
diminue
38%
diminué,
38%
dix
38%
Donc,
38%
fraise
38%
j'avance
38%
j'rallume
38%
juste
38%
l'feu,
38%
l'noir
38%
loin)
38%
l'oreiller
38%
m'éclaire
38%
minutes,
38%
minutes
38%
mordre
38%
partant
38%
payer
38%
pomme
38%
scientifiques,
38%
toute
38%
toutes
38%
trois
38%
braves
35%
d’avant,
35%
d'la
35%
d'l'air
35%
espérance
35%
fort
35%
J'regrette
35%
(J'vais
35%
j'vais
35%
l'cœur
35%
l'cou
35%
l'temps
35%
Ouais,
35%
ouais
35%
passes
35%
recompter
35%
sais
35%
sais,
35%
salaires
35%
souvent
35%
tête
35%
toujours
35%
trente
35%
bon
31%
casses
31%
d'mec
31%
freiner
31%
J'compte
31%
J'le
31%
l'seum,
31%
m'aimes,
31%
nombre
31%
On
31%
on
31%
oseille
31%
qu'c'est
31%
sale
31%
une
31%
bras
27%
devenir
27%
Disons
27%
frères
27%
haute
27%
j'les
27%
leur
27%
leurs
27%
partage
27%
peur
27%
pique
27%
plans
27%
soutiens
27%
star
27%
traîne
27%
vrais,
27%
chasse,
23%
daronne
23%
d'meuf
23%
est
23%
juge,
23%
J'voulais
23%
mère
23%
meute,
23%
m'perdre
23%
négatif
23%
nique
23%
photographe
23%
problèmes,
23%
proc'
23%
qu'la
23%
ta
23%
viande
23%
Arrête
19%
aux
19%
d'Pfizer
19%
greff'
19%
J'garde
19%
keufs
19%
nan)
19%
(Nan,
19%
nan),
19%
poussé
19%
Quand
19%
qu'ils
19%
taff,
19%
t'es
19%
toi
19%
t'répondra
19%
voyou,
19%
bonheur
15%
chemin
15%
(Cours)
15%
France
15%
pètent,
15%
quitte
15%
t'iras
15%
bientôt
12%
cé-coin,
12%
farce
12%
Ferme-la
12%
garder
12%
jamais
12%
l'dindon
12%
m'casser
12%
place,
12%
plainter
12%
veux
12%
CC
8%
connais
8%
danse
8%
d'occas'
8%
jaloux,
8%
K.O,
8%
(Ouh,
8%
oui)
8%
rentrer
8%
sécu'
8%
s'équipe
8%
t'démarre,
8%
insulte,
4%

Distribution des résultats

Percentile par nombre de réponses

% des personnes avec chaque résultat

Votre développement - résultats

Vous n’avez pas pris ce quiz